000 01128cam a2200337 a 4500
001 6168
003 FISKH
005 20260401100106.0
008 960102s1997 nyua j 000 1 eng
010 _a 96004000
020 _a0531095363
020 _a0531088863 (lib. bdg.)
020 _a9780531071366
040 _aDLC
_cDLC
_dDLC
_beng
050 _aPZ7.S3765 N
082 _a813.54
100 1 _aSchotter, Roni.
245 1 0 _aNothing ever happens on 90th Street /
_cby Roni Schotter ; illustrated by Kyrsten Brooker.
260 _aNew York :
_bScholastic,
_c1997.
300 _a32 unnumbered pages :
_bcolor illustrations ;
_c28 cm
505 _aR
520 _aWhen Eva sits on her stoop trying to complete a school assignment by writing about what happens in her neighborhood, she gets a great deal of advice and action.
521 8 _a690
_bLexile
521 8 _aR
_bRaz-Plus
650 1 _aAuthorship
_xFiction.
650 1 _aNeighborliness
_xFiction.
700 1 _aBrooker, Kyrsten,
_eillustrator
906 _a7
_bcbc
_corignew
_d1
_eocip
_f19
_gy-gencatlg
942 _2ddc
_cBK
_n0
999 _c6168
_d6168